[Event "Sparkassen-Open J"]
[Site "Heusenstamm, Martinsee"]
[Date "2021.11.20"]
[Round "2.6"]
[White "Mohammadzadeh, Daris"]
[Black "Staat, Christian"]
[Result "1-0"]
[WhiteElo "1335"]
[BlackElo "1096"]
[PlyCount "81"]
[EventDate "2021.??.??"]
[WhiteTeam "Vorw.Orient Mainz"]
[BlackTeam "VSG Offenbach"]

1. e4 e5 2. Nf3 Nc6 3. Nc3 Nf6 4. a3 Be7 5. d4 exd4 6. Nxd4 O-O 7. Nxc6 bxc6 8.
Be2 Re8 9. e5 Nd5 10. Nxd5 cxd5 11. Qxd5 c6 12. Qc4 Qa5+ 13. Qc3 Qd5 14. O-O
Bc5 15. Bf4 Bd4 16. Qg3 Bxe5 17. Bf3 Bxf4 18. Qxf4 Qc5 19. Rfe1 Ba6 20. c3 Qb6
21. Qb4 Qc7 22. Re7 c5 23. Rxe8+ Rxe8 24. Qg4 Bc8 25. Qg3 Qb6 26. b4 cxb4 27.
axb4 Qe6 28. h3 Qb3 29. Rxa7 Re1+ 30. Kh2 Qb1 31. Qg5 Re8 32. Bd5 Qc2 33. Qf4
Qe2 34. Bxf7+ Kh8 35. Bxe8 Qxe8 36. Qe3 Qf8 37. Ra8 Qd6+ 38. Qg3 Qc6 39. Qb8
Qxc3 40. Qxc8+ Qxc8 41. Rxc8# 1-0

[Event "Sparkassen-Open J"]
[Site "Heusenstamm, Martinsee"]
[Date "2021.11.20"]
[Round "2.7"]
[White "Schwab, Lysander"]
[Black "Gossen, Michael"]
[Result "1/2-1/2"]
[WhiteElo "1282"]
[BlackElo "1061"]
[PlyCount "75"]
[EventDate "2021.??.??"]
[WhiteTeam "SC Aschaffenburg"]
[BlackTeam "TuS Makkabi Wiesbaden"]

1. c4 c5 2. Nf3 Nc6 3. d4 cxd4 4. Nxd4 Nxd4 5. Qxd4 Nf6 6. Nc3 g6 7. g3 Bg7 8.
Bg2 O-O 9. Qd3 Rb8 10. O-O d6 11. Be3 b6 12. Nb5 Bf5 13. Qa3 a5 14. Nd4 Bd7 15.
Rac1 Ng4 16. Nc2 Nxe3 17. Nxe3 Be6 18. Rfe1 Qd7 19. Nd5 Bxd5 20. cxd5 Rfc8 21.
Rc6 Qf5 22. Rec1 Bd4 23. e3 Bc5 24. Qa4 Rxc6 25. dxc6 Rc8 26. a3 Qd3 27. Bf1
Qd2 28. Rc3 Qxb2 29. Rb3 Qe5 30. Ba6 Rc7 31. Bb5 Qa1+ 32. Kg2 Kg7 33. Qg4 e6
34. h3 Qa2 35. Rd3 Qb2 36. Qa4 d5 37. Qf4 Rc8 38. Qa4 1/2-1/2

[Event "Sparkassen-Open J"]
[Site "Heusenstamm, Martinsee"]
[Date "2021.11.20"]
[Round "2.8"]
[White "Schwab, Florentin"]
[Black "Vinogradov, Ilia"]
[Result "0-1"]
[WhiteElo "947"]
[BlackElo "1177"]
[PlyCount "38"]
[EventDate "2021.??.??"]
[WhiteTeam "SC Aschaffenburg"]
[BlackTeam "SV Walldorf"]

1. e4 e5 2. Nf3 Nc6 3. Bb5 a6 4. Ba4 Nf6 5. d3 b5 6. Bb3 Be7 7. c3 d5 8. Qe2
dxe4 9. dxe4 Bg4 10. h3 Bh5 11. O-O g5 12. Rd1 Qc8 13. Nbd2 g4 14. Ne1 gxh3 15.
f3 hxg2 16. Nxg2 Rg8 17. Kf2 Bc5+ 18. Kf1 Qh3 19. Bc2 Qh1# 0-1

[Event "Sparkassen-Open J"]
[Site "Heusenstamm, Martinsee"]
[Date "2021.11.20"]
[Round "2.9"]
[White "Dietrich, Fabian"]
[Black "Neininger, Pascal"]
[Result "1-0"]
[WhiteElo "1248"]
[BlackElo "1036"]
[PlyCount "105"]
[EventDate "2021.??.??"]
[WhiteTeam "SK Marburg"]
[BlackTeam "SV Oberursel"]

1. e4 e5 2. Nf3 Nf6 3. Nxe5 d6 4. Nf3 Nxe4 5. d3 Nf6 6. Bg5 Nbd7 7. g3 h6 8.
Be3 Be7 9. Bg2 O-O 10. Qd2 Nd5 11. Bxh6 Bf6 12. c3 Re8+ 13. Be3 Nxe3 14. fxe3
Bg5 15. Nxg5 Qxg5 16. e4 Qxd2+ 17. Nxd2 Nc5 18. Ke2 d5 19. b4 Na4 20. Rac1 Bg4+
21. Bf3 Bxf3+ 22. Kxf3 dxe4+ 23. Nxe4 Nb2 24. Nc5 b6 25. Rc2 bxc5 26. Rxb2 Rab8
27. Rhb1 cxb4 28. Rxb4 Rxb4 29. cxb4 Kf8 30. a4 Ke7 31. Re1+ Kd7 32. Rxe8 Kxe8
33. Ke4 Kd7 34. Kd5 c6+ 35. Kc5 Kc7 36. b5 cxb5 37. axb5 Kb7 38. d4 Kc7 39. d5
Kd7 40. d6 g6 41. h3 f6 42. Kd5 g5 43. g4 Kd8 44. Ke6 Ke8 45. Kxf6 Kd7 46. Kxg5
Kxd6 47. h4 Kc5 48. h5 Kxb5 49. h6 a5 50. h7 a4 51. h8=Q a3 52. Qa1 Kb4 53. Kf5
1-0

[Event "Sparkassen-Open J"]
[Site "Heusenstamm, Martinsee"]
[Date "2021.11.20"]
[Round "2.10"]
[White "Biallas, Flynn"]
[Black "Valean, David-Andrei"]
[Result "0-1"]
[WhiteElo "832"]
[BlackElo "1237"]
[PlyCount "60"]
[EventDate "2021.??.??"]
[WhiteTeam "SK Marburg"]
[BlackTeam "SK Schweinfurt"]

1. e4 e5 2. Nf3 Nc6 3. Bc4 Bc5 4. b4 Bxb4 5. c3 Be7 6. Ng5 Bxg5 7. O-O Nf6 8.
Ba3 d6 9. Qb3 O-O 10. Re1 Na5 11. Qb4 Nxc4 12. Qxc4 Be6 13. Qb4 b6 14. d3 c5
15. Qa4 d5 16. f3 dxe4 17. fxe4 Qxd3 18. Rd1 Qxe4 19. c4 Be3+ 20. Kf1 Qxc4+ 21.
Qxc4 Bxc4+ 22. Ke1 Bd4 23. Rxd4 exd4 24. Nd2 Rfe8+ 25. Kd1 Be2+ 26. Kc2 d3+ 27.
Kc3 Ne4+ 28. Nxe4 Rxe4 29. Kb2 Rd8 30. Rb1 d2 0-1

[Event "Sparkassen-Open J"]
[Site "Heusenstamm, Martinsee"]
[Date "2021.11.20"]
[Round "2.11"]
[White "Sreeramulu, Aarush"]
[Black "Sasikumar Anitha, Sarvesh"]
[Result "1-0"]
[WhiteElo "1227"]
[BlackElo "995"]
[PlyCount "53"]
[EventDate "2021.??.??"]
[WhiteTeam "SK Marburg"]
[BlackTeam "TuS Makkabi"]

1. d4 g6 2. c4 Bg7 3. Nf3 c5 4. Bf4 Qb6 5. Nc3 cxd4 6. Nd5 Qa5+ 7. b4 Qa3 8.
Bc1 Qa6 9. Nc7+ Kd8 10. Nxa6 Nxa6 11. Nxd4 Nxb4 12. Ba3 Bxd4 13. Bxb4 Bxa1 14.
Qxa1 Nf6 15. e3 d6 16. Bd3 Kd7 17. c5 dxc5 18. Bxc5 b6 19. Bb5+ Kd8 20. Qd4+
Kc7 21. Bxe7 Re8 22. Bxf6 Bb7 23. Bxe8 Rxe8 24. O-O Re4 25. Rc1+ Kb8 26. Qd8+
Bc8 27. Qxc8# 1-0

[Event "Sparkassen-Open J"]
[Site "Heusenstamm, Martinsee"]
[Date "2021.11.20"]
[Round "2.14"]
[White "Belin, Anton"]
[Black "Snover, Tom"]
[Result "0-1"]
[WhiteElo "911"]
[BlackElo "1491"]
[PlyCount "80"]
[EventDate "2021.??.??"]
[WhiteTeam "SK Bad Homburg"]
[BlackTeam "SC Aschaffenburg"]

1. e4 e5 2. Nf3 Nc6 3. Bc4 Bc5 4. c3 Nf6 5. d4 exd4 6. cxd4 Bb4+ 7. Bd2 Bxd2+
8. Nbxd2 d6 9. O-O O-O 10. Re1 Re8 11. Ng5 Re7 12. Qb3 Qe8 13. Nxf7 Rxf7 14.
Bxf7+ Qxf7 15. Qxf7+ Kxf7 16. Rac1 Ne8 17. d5 Ne5 18. Rc3 c6 19. dxc6 Nxc6 20.
Rf3+ Ke7 21. h3 Be6 22. Nb3 Rc8 23. Rc1 Nd4 24. Rd3 Ne2+ 25. Kh2 Nxc1 26. Nxc1
Rxc1 27. Rd2 Nf6 28. f3 Bxa2 29. b4 Be6 30. Ra2 Bxa2 31. Kg3 Rb1 32. b5 Rxb5
33. h4 Nh5+ 34. Kh3 Rb2 35. g4 Be6 36. f4 Nxf4+ 37. Kg3 a5 38. Kxf4 a4 39. Kg5
Rg2 40. h5 Rxg4# 0-1

[Event "Sparkassen-Open J"]
[Site "Heusenstamm, Martinsee"]
[Date "2021.11.20"]
[Round "2.15"]
[White "Sensoy, Emir"]
[Black "von Knorre, Christoph"]
[Result "1-0"]
[WhiteElo "1367"]
[BlackElo "985"]
[PlyCount "61"]
[EventDate "2021.??.??"]
[WhiteTeam "MSA Zugzwang"]
[BlackTeam "VSG Offenbach"]

1. c4 c5 2. Nc3 Nc6 3. Nf3 Nf6 4. g3 g6 5. Bg2 Bg7 6. O-O O-O 7. b3 b6 8. Bb2
Bb7 9. d4 d6 10. Qd3 Nb4 11. Qd2 a6 12. d5 Qd7 13. a3 Nbxd5 14. Nxd5 Qf5 15.
Nxb6 Rab8 16. Nh4 Qe6 17. Bd5 Nxd5 18. Bxg7 Kxg7 19. cxd5 Qh3 20. Qg5 f6 21.
Qe3 Rfe8 22. f4 e5 23. f5 g5 24. Ng2 a5 25. Rf3 e4 26. Rff1 Re5 27. Nd7 Rxd5
28. Nxb8 Rd2 29. Qxd2 e3 30. Nxe3 h6 31. Qxa5 1-0

[Event "Sparkassen-Open J"]
[Site "Heusenstamm, Martinsee"]
[Date "2021.11.20"]
[Round "2.16"]
[White "Plaumann, Finja"]
[Black "Meier, Viktoria"]
[Result "1-0"]
[WhiteElo "978"]
[BlackElo "1312"]
[PlyCount "117"]
[EventDate "2021.??.??"]
[WhiteTeam "SF Heidesheim"]
[BlackTeam "Eichstetten"]

1. d4 d5 2. c4 c6 3. Nc3 Nf6 4. Bf4 Bf5 5. e3 e6 6. Nf3 c5 7. Bd3 Bxd3 8. Qxd3
a6 9. O-O Nbd7 10. Bg5 Be7 11. Bxf6 Nxf6 12. Na4 dxc4 13. Qd2 Qc7 14. Qc2 b5
15. Nc3 Bd6 16. Ne4 Nxe4 17. Qxe4 Rd8 18. d5 Qe7 19. dxe6 Qxe6 20. Ng5 Qxe4 21.
Nxe4 Be7 22. Rad1 O-O 23. Nc3 Rxd1 24. Rxd1 Rd8 25. Nd5 Kf8 26. e4 Bf6 27. b3
cxb3 28. axb3 c4 29. Rb1 c3 30. g3 Rc8 31. Rc1 a5 32. Kf1 b4 33. Ke1 Ra8 34.
Nb6 Ra6 35. Na4 Rc6 36. Kd1 Rd6+ 37. Kc2 Rd2+ 38. Kb1 Rxf2 39. Rc2 Rf3 40. Nc5
Bg5 41. Nd7+ Ke7 42. Nc5 Rf1+ 43. Ka2 Rd1 44. Nb7 Bc1 45. Nxa5 Bb2 46. Rxb2
cxb2 47. Kxb2 Rd2+ 48. Kb1 Kd6 49. Nc4+ Kc5 50. Nxd2 Kd4 51. Kc2 g6 52. Nc4 f6
53. Na5 h5 54. Nc6+ Kc5 55. Ne7 Kd4 56. Nxg6 Kxe4 57. Nf4 Kf5 58. Nxh5 Kg5 59.
Nf4 1-0

[Event "Sparkassen-Open J"]
[Site "Heusenstamm, Martinsee"]
[Date "2021.11.20"]
[Round "2.17"]
[White "Niesel, Sebastian"]
[Black "Carls, Bela"]
[Result "1/2-1/2"]
[WhiteElo "1087"]
[BlackElo "955"]
[PlyCount "123"]
[EventDate "2021.??.??"]
[WhiteTeam "SV Ffm-Griesheim"]
[BlackTeam "Frankfurter TV"]

1. e4 c5 2. c3 Nc6 3. d4 b6 4. Nf3 e6 5. Bc4 Bb7 6. Qd3 Nge7 7. Bf4 Na5 8. Nbd2
Nxc4 9. Nxc4 d5 10. Ncd2 Ng6 11. Bg3 c4 12. Qc2 Bd6 13. Bxd6 Qxd6 14. e5 Qd7
15. b3 b5 16. bxc4 bxc4 17. O-O O-O 18. Rab1 a5 19. Rfc1 Ba6 20. Nf1 Rab8 21.
Ng3 h6 22. Rb2 Rxb2 23. Qxb2 Nf4 24. Ne1 Qc7 25. Qd2 Nd3 26. Nxd3 cxd3 27. Nh5
Rb8 28. Nf4 Qc4 29. g3 Rc8 30. Ng2 Bb5 31. Ne3 Qc6 32. Ng2 Ba4 33. Qxd3 Bb5 34.
Qd2 a4 35. a3 Bc4 36. Ne3 Rb8 37. Nd1 Rb3 38. Ra1 Qb6 39. Qc2 Qb5 40. Ne3 Rb2
41. Qc1 Bd3 42. Nd1 Rc2 43. Qe3 Be2 44. Qf4 Bxd1 45. Rxd1 Rxc3 46. Rc1 Qb2 47.
Rxc3 Qxc3 48. Qe3 Qa1+ 49. Kg2 Qb2 50. Qd3 Qb3 51. Qa6 Qxa3 52. Qc6 Qb3 53.
Qe8+ Kh7 54. Qxf7 a3 55. Qxe6 a2 56. Qf5+ Kg8 57. Qc8+ Kh7 58. Qf5+ Kh8 59.
Qf8+ Kh7 60. Qf5+ g6 61. Qf7+ Kh8 62. Qf8+ 1/2-1/2

[Event "Sparkassen-Open J"]
[Site "Heusenstamm, Martinsee"]
[Date "2021.11.20"]
[Round "2.19"]
[White "Shanmuganathan, Adhav"]
[Black "Yang, Marco"]
[Result "0-1"]
[WhiteElo "793"]
[BlackElo "1236"]
[PlyCount "106"]
[EventDate "2021.??.??"]
[WhiteTeam "SV Ffm-Griesheim"]
[BlackTeam "SK Mannheim-Lindenhof"]

1. e4 c5 2. c4 Nc6 3. Nc3 Nf6 4. d3 g6 5. g3 Bg7 6. Bg2 d6 7. Nge2 Bg4 8. f3
Bd7 9. O-O O-O 10. a3 Qc8 11. Rb1 b6 12. Bg5 Rb8 13. Qc2 Rd8 14. Rfe1 Be6 15.
g4 h6 16. Bd2 h5 17. g5 Ne8 18. Nf4 Nc7 19. Qa4 Bd7 20. Qb3 Nd4 21. Qa2 Be5 22.
b4 Nce6 23. Nfd5 Kf8 24. Rf1 Nc7 25. Nxc7 Qxc7 26. f4 Bh8 27. Nd5 Qc8 28. b5
Be6 29. Ne3 Kg8 30. Bc3 Rf8 31. Rbe1 Bg4 32. h3 Bxh3 33. Bxd4 Bxd4 34. Kh2 Bxg2
35. Kxg2 Bxe3 36. Rxe3 Qg4+ 37. Rg3 Qd7 38. Qb2 e6 39. Rh1 Qb7 40. Rgh3 d5 41.
Rxh5 gxh5 42. Rxh5 d4 43. Kf3 Kg7 44. Qh2 Rh8 45. f5 Rxh5 46. f6+ Kg6 47. Qe5
Rd8 48. Kg4 Qb8 49. Qxb8 Rxb8 50. e5 Rxg5+ 51. Kf4 Rh8 52. Ke4 Rf5 53. a4 Rh4#
0-1

[Event "Sparkassen-Open J"]
[Site "Heusenstamm, Martinsee"]
[Date "2021.11.20"]
[Round "2.21"]
[White "Dyroff, Philipp"]
[Black "Paschedag, Vivien"]
[Result "1-0"]
[WhiteElo "993"]
[BlackElo "851"]
[PlyCount "61"]
[EventDate "2021.??.??"]
[WhiteTeam "SC Aschaffenburg"]
[BlackTeam "SC Heusenstamm"]

1. c4 e5 2. Nc3 Bc5 3. g3 d6 4. Bg2 Nc6 5. e3 Nf6 6. Nge2 O-O 7. O-O Rb8 8. a4
Bf5 9. d4 Bb4 10. e4 Bg4 11. f3 Bh5 12. d5 Bc5+ 13. Kh1 Nd4 14. f4 a6 15. Qd3
c6 16. fxe5 dxe5 17. Nxd4 Bxd4 18. Ne2 Bc5 19. Bg5 Be7 20. Bf3 cxd5 21. cxd5
Rc8 22. Rac1 Qd7 23. b3 h6 24. Bxf6 Bxf6 25. Bxh5 Bg5 26. Rxc8 Rxc8 27. h4 Qh3+
28. Kg1 Bd8 29. Bxf7+ Kh8 30. Be6 Qxe6 31. dxe6 1-0

[Event "Sparkassen-Open J"]
[Site "Heusenstamm, Martinsee"]
[Date "2021.11.20"]
[Round "2.23"]
[White "Claussen, Daniela"]
[Black "Kim, David"]
[Result "1-0"]
[WhiteElo "990"]
[BlackElo "807"]
[PlyCount "57"]
[EventDate "2021.??.??"]
[WhiteTeam "SF Essen-Werden"]
[BlackTeam "SV Hofheim"]

1. e3 e5 2. b3 Nc6 3. Bb2 g6 4. f4 exf4 5. Bxh8 Nf6 6. exf4 Bd6 7. g3 b6 8.
Qe2+ Ne7 9. Bg2 Rb8 10. Bxf6 Bc5 11. d3 Ba6 12. Nd2 d6 13. O-O-O Qd7 14. Nh3
Kf8 15. Rde1 Re8 16. Qf3 Qf5 17. Ng5 Kg8 18. Bxe7 Qd7 19. Bf6 Rf8 20. Nde4 Bb7
21. Qf1 Qc6 22. Be7 Re8 23. Nf6+ Kg7 24. Bxc6 Bxc6 25. Nxe8+ Bxe8 26. Bf6+ Kf8
27. Nxh7+ Kg8 28. Rxe8+ Kxh7 29. Rh8# 1-0

[Event "Sparkassen-Open J"]
[Site "Heusenstamm, Martinsee"]
[Date "2021.11.20"]
[Round "2.25"]
[White "Yang, Sophie"]
[Black "Ivanov, Emily"]
[Result "1-0"]
[WhiteElo "955"]
[BlackElo "725"]
[PlyCount "107"]
[EventDate "2021.??.??"]
[WhiteTeam "SK Mannheim-Lindenhof"]
[BlackTeam "TuS Makkabi Wiesbaden"]

1. e4 e6 2. d4 d5 3. Nc3 c5 4. Nf3 Nc6 5. Bb5 Bd7 6. Be3 Qc7 7. dxc5 O-O-O 8.
O-O Nf6 9. exd5 exd5 10. Nxd5 Nxd5 11. Qxd5 Nb4 12. Bxd7+ Rxd7 13. Qc4 Nd5 14.
Rfe1 Nxe3 15. Rxe3 Bxc5 16. Rc3 Rhd8 17. Qg4 Kb8 18. Ng5 g6 19. b4 h5 20. Qf3
Qe5 21. Nxf7 Qd4 22. Nxd8 Rxd8 23. bxc5 Qe5 24. Rb1 Qe7 25. Re3 Qc7 26. h3 h4
27. c6 b6 28. Qg4 Qxc6 29. Qxh4 Rd7 30. c3 Rf7 31. Qd8+ Kb7 32. Re7+ Rxe7 33.
Qxe7+ Ka6 34. Rb3 Qa4 35. Ra3 Qa5 36. Rxa5+ Kxa5 37. Qxa7+ Kb5 38. g4 g5 39. f4
gxf4 40. g5 f3 41. g6 Kc4 42. g7 Kxc3 43. g8=R Kd2 44. Kf1 Ke3 45. Qxb6+ Kf4
46. Re8 Kg3 47. Qg6+ Kf4 48. Qf6+ Kg3 49. Rg8+ Kh2 50. h4 Kh3 51. h5 f2 52. h6
Kh2 53. h7 Kh1 54. h8=R# 1-0

[Event "Sparkassen-Open J"]
[Site "Heusenstamm, Martinsee"]
[Date "2021.11.20"]
[Round "3.1"]
[White "Dubinker, Philipp"]
[Black "Mohammadzadeh, Daris"]
[Result "1/2-1/2"]
[WhiteElo "1572"]
[BlackElo "1335"]
[PlyCount "103"]
[EventDate "2021.??.??"]
[WhiteTeam "SK Marburg"]
[BlackTeam "Vorw.Orient Mainz"]

1. e4 c5 2. Nf3 g6 3. d4 cxd4 4. Nxd4 Nf6 5. Nc3 d6 6. Be3 Bg7 7. f3 Nc6 8. Bc4
a6 9. Bb3 Bd7 10. Qd2 h5 11. O-O-O b5 12. Kb1 Rc8 13. Qf2 Qc7 14. Bg5 Nxd4 15.
Qxd4 Qc5 16. Qxc5 Rxc5 17. Nd5 Nxd5 18. Rxd5 Bc6 19. Rxc5 dxc5 20. c4 b4 21.
Rd1 Bd4 22. Rd3 f6 23. Be3 e5 24. Kc2 a5 25. Kc1 Ke7 26. Bc2 Rd8 27. Kd2 Bxe3+
28. Kxe3 Rxd3+ 29. Kxd3 a4 30. g3 g5 31. h4 gxh4 32. gxh4 f5 33. exf5 Bxf3 34.
Ke3 Bc6 35. Bd1 Kf6 36. Bxh5 Kxf5 37. Bf3 Be8 38. Bd1 Bf7 39. b3 a3 40. h5 Ke6
41. Ke4 Bg8 42. Bg4+ Kf6 43. Be2 Bh7+ 44. Kd5 Bc2 45. Kxc5 Bxb3 46. Kxb4 Bxa2
47. Kxa3 Bxc4 48. Bxc4 Kg7 49. Kb4 e4 50. Be2 e3 51. Kc5 Kh8 52. Kd6 1/2-1/2

[Event "Sparkassen-Open J"]
[Site "Heusenstamm, Martinsee"]
[Date "2021.11.20"]
[Round "3.2"]
[White "Vinogradov, Ilia"]
[Black "Sydykov, Bayastan"]
[Result "0-1"]
[WhiteElo "1177"]
[BlackElo "1544"]
[PlyCount "64"]
[EventDate "2021.??.??"]
[WhiteTeam "SV Walldorf"]
[BlackTeam "SK Gießen"]

1. e4 e6 2. d4 d5 3. exd5 exd5 4. Nf3 Nf6 5. Nc3 Be7 6. Bd3 O-O 7. h3 Re8 8.
Be3 c5 9. dxc5 Bxc5 10. O-O Bxe3 11. fxe3 Rxe3 12. Qd2 Re8 13. Qg5 h6 14. Qg3
Ne4 15. Bxe4 dxe4 16. Nh4 Nc6 17. Rad1 Qa5 18. Rxf7 Qg5 19. Qf2 e3 20. Qf4 Qxf4
21. Rxf4 g5 22. Rf6 gxh4 23. Rdd6 Ne5 24. Rxh6 Nf7 25. Rdg6+ Kf8 26. Rf6 Be6
27. Rh8+ Kg7 28. Rxe8 Rxe8 29. Rf1 Bc4 30. Re1 Nd6 31. b3 Bf7 32. Kf1 Nf5 0-1

[Event "Sparkassen-Open J"]
[Site "Heusenstamm, Martinsee"]
[Date "2021.11.20"]
[Round "3.3"]
[White "Nagel, Daniel"]
[Black "Dietrich, Fabian"]
[Result "1-0"]
[WhiteElo "1329"]
[BlackElo "1248"]
[PlyCount "55"]
[EventDate "2021.??.??"]
[WhiteTeam "SC Aschaffenburg"]
[BlackTeam "SK Marburg"]

1. d4 d5 2. Nf3 e6 3. g3 c5 4. Bg2 Nf6 5. O-O Bd6 6. c4 O-O 7. cxd5 Nxd5 8. e4
Ne7 9. e5 Bc7 10. dxc5 Nec6 11. Bf4 Qe7 12. Qc2 Nb4 13. Qe4 N8c6 14. Ng5 g6 15.
Nh3 Na6 16. Rc1 Bd7 17. Bg5 f6 18. Bxf6 Rxf6 19. exf6 Qxf6 20. Nc3 Nxc5 21. Qh4
Qg7 22. Ng5 Bd8 23. Qc4 Bxg5 24. Qxc5 Bxc1 25. Rxc1 b6 26. Qd6 Rc8 27. Rd1 Be8
28. Qxe6+ 1-0

[Event "Sparkassen-Open J"]
[Site "Heusenstamm, Martinsee"]
[Date "2021.11.20"]
[Round "3.4"]
[White "Valean, David-Andrei"]
[Black "Meng, Yuxuan"]
[Result "0-1"]
[WhiteElo "1237"]
[BlackElo "1419"]
[PlyCount "114"]
[EventDate "2021.??.??"]
[WhiteTeam "SK Schweinfurt"]
[BlackTeam "SC Viernheim"]

1. e4 c5 2. Nf3 e6 3. d4 cxd4 4. Nxd4 a6 5. Nc3 Qc7 6. Bd3 Nc6 7. Nxc6 dxc6 8.
Qf3 Bd6 9. g3 b5 10. a3 Nf6 11. Bg5 Be5 12. O-O h6 13. Bf4 Bb7 14. Bxe5 Qxe5
15. Qf4 Qxf4 16. gxf4 O-O 17. Ne2 c5 18. Ng3 c4 19. e5 cxd3 20. exf6 dxc2 21.
fxg7 Kxg7 22. f5 exf5 23. Nxf5+ Kh7 24. f3 Rad8 25. Ne3 Rg8+ 26. Kf2 Rd2+ 27.
Ke1 Rxh2 28. Rf2 Rh3 29. Nxc2 Rxf3 30. Rxf3 Bxf3 31. Kf2 Bb7 32. Re1 Rg2+ 33.
Kf1 Rxc2 34. Re7 Bd5 35. Rd7 Bc4+ 36. Ke1 Rxb2 37. Ra7 Re2+ 38. Kd1 Ra2 39.
Rxa6 b4 40. Rc6 Bb3+ 41. Kc1 Rc2+ 42. Rxc2 Bxc2 43. Kxc2 bxa3 44. Kb3 h5 45.
Kxa3 h4 46. Kb4 h3 47. Kc5 h2 48. Kd6 h1=Q 49. Ke7 Qf1 50. Kf8 f6 51. Kf7 Qa6
52. Ke7 Qc6 53. Kd8 Qb7 54. Ke8 Kg6 55. Kd8 f5 56. Ke8 Qc7 57. Kf8 Qf7# 0-1

[Event "Sparkassen-Open J"]
[Site "Heusenstamm, Martinsee"]
[Date "2021.11.20"]
[Round "3.5"]
[White "Vick, Edward"]
[Black "Sreeramulu, Aarush"]
[Result "1/2-1/2"]
[WhiteElo "1242"]
[BlackElo "1227"]
[PlyCount "84"]
[EventDate "2021.??.??"]
[WhiteTeam "TuS Makkabi Wiesbaden"]
[BlackTeam "SK Marburg"]

1. e4 c6 2. Nf3 d5 3. exd5 cxd5 4. d4 Bf5 5. Bf4 e6 6. Bb5+ Nc6 7. Ne5 Nge7 8.
h4 h6 9. Nc3 a6 10. Bd3 Bxd3 11. Qxd3 Nf5 12. Nxc6 bxc6 13. g3 Bd6 14. Bxd6
Qxd6 15. O-O-O Rb8 16. Qxa6 O-O 17. g4 Qf4+ 18. Kb1 Qxg4 19. Qxc6 Rfc8 20. Qa6
Rxc3 21. Qa5 Rcc8 22. Qd2 Nxh4 23. Rdg1 Nf3 24. Qxh6 gxh6 25. Rxg4+ Kh7 26. Rf4
Ng5 27. Rf6 Rb4 28. Rfxh6+ Kg7 29. R6h5 Ne4 30. Rg1+ Kf6 31. f3 Nd2+ 32. Kc1
Nc4 33. b3 Ne3 34. Kd2 Nf5 35. c3 Rb6 36. Kd3 Rbc6 37. Rc1 Ra8 38. Rc2 Nd6 39.
Rh6+ Ke7 40. Rh1 Rac8 41. Rhc1 Nb5 42. a4 Nd6 1/2-1/2

[Event "Sparkassen-Open J"]
[Site "Heusenstamm, Martinsee"]
[Date "2021.11.20"]
[Round "3.6"]
[White "Snover, Tom"]
[Black "Dorfner, Jeremias"]
[Result "1-0"]
[WhiteElo "1491"]
[BlackElo "1198"]
[PlyCount "73"]
[EventDate "2021.??.??"]
[WhiteTeam "SC Aschaffenburg"]
[BlackTeam "TV-Großostheim"]

1. e4 e5 2. Nf3 Nc6 3. Bb5 a6 4. Ba4 Nf6 5. d3 h6 6. Bxc6 dxc6 7. Nxe5 Bd6 8.
Nf3 Bc5 9. Nbd2 O-O 10. O-O Be6 11. Re1 Ng4 12. Re2 Qe7 13. h3 Nf6 14. Nf1 Rad8
15. Ng3 Rfe8 16. Bf4 Bb6 17. Be3 Bxe3 18. fxe3 Bc4 19. Nd4 Be6 20. Rf2 c5 21.
Ndf5 Qd7 22. Nxh6+ Kh7 23. Nhf5 Bxf5 24. Nxf5 Nxe4 25. Rf1 Nf6 26. Qf3 Qd5 27.
Qg3 g6 28. Nh4 Qc6 29. Qf4 Rd6 30. e4 Ree6 31. e5 Rd4 32. Qg5 Ne8 33. Rxf7+ Ng7
34. Nf5 Kg8 35. Rxg7+ Kf8 36. Nxd4 cxd4 37. Qh6 1-0

[Event "Sparkassen-Open J"]
[Site "Heusenstamm, Martinsee"]
[Date "2021.11.20"]
[Round "3.7"]
[White "Gossen, Michael"]
[Black "Himmelspacht, Maxim"]
[Result "0-1"]
[WhiteElo "1061"]
[BlackElo "1538"]
[PlyCount "62"]
[EventDate "2021.??.??"]
[WhiteTeam "TuS Makkabi Wiesbaden"]
[BlackTeam "SK Gießen"]

1. e4 e6 2. d4 d5 3. e5 c5 4. c3 Nc6 5. Nf3 Qb6 6. Be3 Qxb2 7. Nbd2 Qxc3 8.
dxc5 Nxe5 9. Rc1 Nxf3+ 10. gxf3 Qa5 11. Qb3 Qc7 12. Bb5+ Bd7 13. Qa4 Nf6 14. c6
bxc6 15. Bxc6 Bxc6 16. Rxc6 Qd7 17. Ke2 Be7 18. Ra6 Qxa4 19. Rxa4 O-O 20. Rg1
Kh8 21. Bg5 h6 22. Rh4 Ng8 23. Bxe7 Nxe7 24. Rhg4 Rab8 25. Ra4 Rb7 26. Rg3 Rc8
27. Kd1 Nc6 28. Nb3 Rb4 29. Rxb4 Nxb4 30. Rg4 Nxa2 31. Ra4 Nc3+ 0-1

[Event "Sparkassen-Open J"]
[Site "Heusenstamm, Martinsee"]
[Date "2021.11.20"]
[Round "3.8"]
[White "Plaumann, Finja"]
[Black "Sensoy, Emir"]
[Result "1/2-1/2"]
[WhiteElo "978"]
[BlackElo "1367"]
[PlyCount "85"]
[EventDate "2021.??.??"]
[WhiteTeam "SF Heidesheim"]
[BlackTeam "MSA Zugzwang"]

1. d4 d5 2. c4 c6 3. Nc3 Nf6 4. Bf4 Bf5 5. e3 e6 6. Nf3 Bd6 7. Bxd6 Qxd6 8. c5
Qc7 9. Bd3 Ne4 10. O-O O-O 11. Bxe4 dxe4 12. Ng5 Nd7 13. Ngxe4 Rad8 14. Nd6 Bg6
15. Qb3 b6 16. Nc4 Nf6 17. cxb6 axb6 18. Qxb6 Qe7 19. Ne5 Qd6 20. Qxc6 Qb8 21.
Qb5 Qa8 22. Nxg6 hxg6 23. Qa4 Qb8 24. Qc2 Kh7 25. b3 Rh8 26. Ne4 Ng4 27. g3 Kg8
28. h4 f5 29. Nc5 g5 30. Nxe6 Rd5 31. Nxg5 Rxh4 32. Nf3 Rh5 33. Kg2 Qb7 34. Rh1
Rg5 35. Qc4 Rg6 36. Ne5 Nxe5 37. dxe5 Kf8 38. Rh8+ Ke7 39. Qc8 Qxc8 40. Rxc8
Rxe5 41. a4 Ra6 42. b4 Re4 43. Rb8 1/2-1/2

[Event "Sparkassen-Open J"]
[Site "Heusenstamm, Martinsee"]
[Date "2021.11.20"]
[Round "3.10"]
[White "Yang, Marco"]
[Black "Englert, Ann"]
[Result "1-0"]
[WhiteElo "1236"]
[BlackElo "992"]
[PlyCount "99"]
[EventDate "2021.??.??"]
[WhiteTeam "SK Mannheim-Lindenhof"]
[BlackTeam "TV-Großostheim"]

1. e4 c5 2. Nf3 Nc6 3. d4 cxd4 4. Nxd4 g6 5. Nc3 Bg7 6. Be3 Nf6 7. Bc4 Nxd4 8.
Bxd4 d6 9. h3 O-O 10. O-O Bd7 11. f4 Bc6 12. Qe2 e6 13. Rad1 Qc7 14. Bb3 a6 15.
e5 dxe5 16. Bxe5 Qb6+ 17. Bd4 Qc7 18. Qf2 b5 19. Be5 Qb7 20. a3 Rfd8 21. Rd2
Rxd2 22. Qxd2 Ne4 23. Nxe4 Bxe5 24. fxe5 Bxe4 25. Qf2 Rd8 26. c3 Bd5 27. Bxd5
Rxd5 28. Re1 Qc7 29. Qe3 Qc5 30. Qxc5 Rxc5 31. Kf2 Kf8 32. Kf3 Ke7 33. Ke4 Rc4+
34. Kd3 Rc5 35. b3 Rd5+ 36. Kc2 Rc5 37. Re4 h6 38. c4 bxc4 39. bxc4 Ra5 40. Kb3
Rc5 41. Kb4 Rc6 42. c5 h5 43. Rd4 a5+ 44. Kb5 Rc7 45. Kb6 Rc8 46. c6 a4 47. Kb7
Re8 48. c7 h4 49. Rd8 Rxd8 50. cxd8=Q+ 1-0

[Event "Sparkassen-Open J"]
[Site "Heusenstamm, Martinsee"]
[Date "2021.11.20"]
[Round "3.11"]
[White "Will, Elina"]
[Black "Claussen, Daniela"]
[Result "1-0"]
[WhiteElo "1224"]
[BlackElo "990"]
[PlyCount "53"]
[EventDate "2021.??.??"]
[WhiteTeam "TuS Makkabi Wiesbaden"]
[BlackTeam "SF Essen-Werden"]

1. e4 e6 2. d4 b6 3. Bf4 Bb7 4. Bd3 f5 5. Nd2 Nf6 6. Qe2 Be7 7. Ngf3 d6 8. exf5
exf5 9. Bxf5 O-O 10. Be6+ Kh8 11. Bg3 Nbd7 12. O-O a5 13. Rfe1 c5 14. Bxd7 Qxd7
15. Qxe7 Qxe7 16. Rxe7 Ba6 17. Bxd6 Nd5 18. Re5 Rf6 19. dxc5 Nb4 20. Rae1 h6
21. Ne4 Rf7 22. cxb6 Nc6 23. Re6 Nd8 24. Re7 Bb7 25. Rxf7 Nxf7 26. Bc7 Re8 27.
Nc5 1-0